00000000nam 2200000za 4500
0019.846649
003CaOODSP
00520221107153244
007cr |||||||||||
008171106q1951    onc     os   f000 0 eng d
040 |aCaOODSP|beng
043 |an-cn-nf
0861 |aCS62-D/94-1951E-PDF
24500|aSt. John's, Newfoundland, cost-of-living index (June 1951=100) |h[electronic resource] / |cprepared in the Prices Section, Labour and Prices Division.
260 |aOttawa : |bDominion Bureau of Statistics, |c[1951?]
300 |a12 p.
4901 |aD.B.S. reference paper ; |vno. 28
500 |aCover title.
500 |aDigitized edition from print [produced by Statistics Canada].
520 |a“The new St. John's Cost-of-Living Index has been designed to measure the influence of changes in retail prices upon the cost of a constant quantity of goods and services representing the typical family budget in St. John's. Accordingly, the new index does not take into account changes in levels of living. Rather it is a consumer price index which measures price changes in a fixed basket of goods and services”--Purpose, p. 2.
530 |aIssued also in print format.
69207|2gccst|aConsumer products
69207|2gccst|aServices
69207|2gccst|aPrices
69207|2gccst|aStatistics
69207|2gccst|aPrice indexes
7101 |aCanada. |bDominion Bureau of Statistics. |bPrices Section.
830#0|aD.B.S. reference papers ;|vno. 28|w(CaOODSP)9.812168
85640|qPDF|s1.19 MB|uhttps://publications.gc.ca/collections/collection_2017/statcan/CS62-D-94-1951-eng.pdf
986 |a62-D-94